The role of micro finance in the Empowerment of women : (Record no. 27141)

MARC details
000 -LEADER
fixed length control field 00743nam a2200169Ia 4500
041 ## - LANGUAGE CODE
Language code of text/sound track or separate title English
082 ## - DEWEY DECIMAL CLASSIFICATION NUMBER
Classification number RL.0047
100 ## - MAIN ENTRY--AUTHOR NAME
Personal name Lakshmi, P. Adi
Affiliation P.V.P. Siddhartha Institute of Technology
Place Kanuru, Vijayawada, Andhra Pradesh
245 #4 - TITLE STATEMENT
Title The role of micro finance in the Empowerment of women :
Sub Title An empirical study with special reference to Krishna District, Andhra Pradesh /
Statement of responsibility, etc P. Adi Lakshmi
260 ## - PUBLICATION, DISTRIBUTION, ETC. (IMPRINT)
Place of publication New Delhi :
Name of publisher/Sponsor Indian Council of Social Science Research,
Year of publication 2013
300 ## - PHYSICAL DESCRIPTION
Number of Pages vii, 154p.
536 ## - FUNDING INFORMATION NOTE
Funding Agency Indian Council of Social Science Research
650 ## - SUBJECT ADDED ENTRY--TOPICAL TERM
Topical Term Micro Finance
Geographic subdivision Andhra Pradesh, India
650 ## - SUBJECT ADDED ENTRY--TOPICAL TERM
Topical Term Women in development
Geographic subdivision Andhra Pradesh, India
650 ## - SUBJECT ADDED ENTRY--TOPICAL TERM
Topical Term Finance, Personal
Geographic subdivision Andhra Pradesh, India
942 ## - ADDED ENTRY ELEMENTS (KOHA)
Source of classification or shelving scheme Dewey Decimal Classification
Koha item type Research Reports
Holdings
Withdrawn status Lost status Damaged status Not for loan Collection code Home library Current library Date acquired Source of acquisition Full call number Accession Number Price effective from Koha item type
      Not For Loan ICSSR Research Project Reports NASSDOC Library NASSDOC Library 26/11/2021 Gifted by: RP Division ICSSR RL.0047 51773 03/12/2021 Research Reports